000 00260nam a2200097Ia 4500
008 200302s9999 xx 000 0 und d
100 _aHenri Stierlin & Other
245 _aArchitecture of the World China
260 _bBenedikt Taschen Verlag Gmbh
300 _a192 P.,
999 _c846
_d846